| 000 | 00711nam a2200253#a 4500 | ||
|---|---|---|---|
| 001 | 01042 | ||
| 003 | HDC | ||
| 007 | ta | ||
| 008 | 230623s2009 xx 000 0 eng d | ||
| 020 | _a9789839879032 (pbk.). | ||
| 040 | _aHDC | ||
| 050 |
_aHB 301 _b.D48 2009 |
||
| 245 | 0 |
_aDeveloping human capital : _bthe first 20 years of PSDC |
|
| 264 |
_aBayan Lepas, Pulau Pinang : _bPenang Skills Development Centre, _c2009 |
||
| 300 |
_a160p. ; _c 26cm. |
||
| 500 | _aIncludes index | ||
| 650 |
_aLabour economics _zMalaysia |
||
| 650 |
_aPenang Skills Development Centre _xHistory |
||
| 710 | _aPenang Skills Development Centre | ||
| 942 | _2lcc | ||
| 942 | _cBK | ||
| 942 | _kHB 301 | ||
| 942 | _m.D48 2009 | ||
| 999 |
_c22631 _d22631 |
||